000 00481nam a22001697a 4500
005 20241205133240.0
008 241205b |||||||| |||| 00| 0 eng d
020 _a9780409028126
041 _aEnglish
082 _a349 BUT
100 _lEnglish
245 _aButterworths Forms and Precedents Companies
260 _aDurban:
_bLexisNexis (Pty) Ltd,
_c1999
300 _b14 pages;
_c25 cm.
650 _aLegal practice
_bLaw
942 _cBK
_6ALISON_BN_VRIES
999 _c3284
_d3284